Seminar on Consumer Preferences and Market Development for Farm Products : [papers] /

Bibliographic Details
Corporate Authors: Seminar on Consumer Preferences and Market Development for Farm Products Iowa State University of Science and Technology, Iowa State University. Center for Agricultural and Economic Development
Format: Conference Proceeding Book
Language:English
Published: Ames, [publisher not identified] ; [1960?]
Series:CAEA report ; 5.
Subjects:

MARC

Tag First Indicator Second Indicator Subfields
LEADER 00000cam a2200000 4500
001 in00000456015
005 20151012083716.0
008 800520s1960 iaua ab 100 0 eng
010 |a  63064551  
035 |a (OCoLC)06339705 
035 |9 ABY0372AM 
040 |a DLC  |c TXA  |d UtOrBLW 
049 |a TXAI 
050 0 |a HD9006  |b .S4 1960 
092 |a 338.1  |b S471p 
099 |a film S  |a 1044 no.5 
111 2 |a Seminar on Consumer Preferences and Market Development for Farm Products  |d (1960 :  |c Iowa State University of Science and Technology) 
245 1 0 |a Seminar on Consumer Preferences and Market Development for Farm Products :  |b [papers] /  |c Sponsored by the Center for Agricultural and Economic Adjustment, College of Agriculture, Iowa State University of Science and Technology. 
264 1 |a Ames,  |b [publisher not identified] ;  |c [1960?] 
300 |a xi, 174 pages :  |b illustrations ;  |c 28 cm. 
336 |a text  |b txt  |2 rdacontent 
337 |a microform  |b h  |2 rdamedia 
338 |a microfilm reel  |b hd  |2 rdacarrier 
490 1 |a CAEA report ;  |v 5 
504 |a Bibliographical footnotes. 
500 |a Microform. 
650 0 |a Farm produce  |x Marketing. 
650 0 |a Consumers' preferences. 
710 2 |a Iowa State University.  |b Center for Agricultural and Economic Development. 
830 0 |a CAEA report ;  |v 5. 
999 |a MARS 
999 f f |s 15af924c-782c-3d74-ab7e-7e418be35e7a  |i 7030bd9c-3e6c-3b31-bf0e-d710b312e77a  |t 0 
952 f f |p ric  |a Texas A&M University  |b Rellis Campus  |c Joint Library Facility  |d Remote Storage  |t 0  |e HD9006 .S4 1960  |h Library of Congress classification  |i microform -- microfilm reel  |m A14800757395 
952 f f |p default  |a Texas A&M University  |b College Station  |c Sterling C. Evans Library  |d Evans: Microforms (3rd floor)  |t 0  |e film S 1044 no.5  |h Other scheme  |i microform -- microfilm reel 
998 f f |a film S 1044 no.5  |t 0  |l Evans: Microforms (3rd floor) 
998 f f |a HD9006 .S4 1960  |t 0  |l Remote Storage